000 00284nam a22001217a 4500
008 170613b xxu||||| |||| 00| 0 eng d
041 _aeng
080 _a328
100 _a19
101 _aSHP
245 _aPARLIAMENT IN THE GERMAN POLITICAL SYSTEM
_cLOEWENBERG, G
942 _2udc
_cBK
999 _c17093
_d17093